000 00862cam a2200145 4500500
005 20251214002641.0
041 _afre
042 _adc
100 1 0 _aMoeschler, Jacques
_eauthor
700 1 0 _aAuchlin, Antoine
_eauthor
245 0 0 _aIntroduction à la linguistique contemporaine
260 _bArmand Colin,
_c2023.
520 _aLa linguistique est la discipline qui a eu le plus d’influence sur le développement des sciences humaines au XXe siècle bien que son importance ait diminué au cours de ces dernières décennies, de par l’émergence de paradigmes scientifiques nouveaux (sciences cognitives, neurosciences) et l’abandon progressif de la coupure entre sciences de la nature et sciences humaines.
856 4 1 _uhttps://shs.cairn.info/introduction-a-la-linguistique-contemporaine--9782200635381?lang=fr&redirect-ssocas=7080
999 _c1567277
_d1567277